Modern guerrilla warfare : fighting communist guerrilla movements, 1941-1961
محفوظ في:
| المؤلف الرئيسي: | |
|---|---|
| التنسيق: | كتاب |
| اللغة: | Undetermined |
| منشور في: |
New York
Free Press of Glencoe
1962
|
| الموضوعات: | |
| الوسوم: |
إضافة وسم
لا توجد وسوم, كن أول من يضع وسما على هذه التسجيلة!
|
| Thư viện lưu trữ: | Trung tâm Học liệu Trường Đại học Cần Thơ |
|---|
| LEADER | 00591nam a2200193Ia 4500 | ||
|---|---|---|---|
| 001 | CTU_89391 | ||
| 008 | 210402s9999 xx 000 0 und d | ||
| 082 | |a 355.425 | ||
| 082 | |b O.81 | ||
| 100 | |a Osanka, Franklin Mark | ||
| 245 | 0 | |a Modern guerrilla warfare : | |
| 245 | 0 | |b fighting communist guerrilla movements, 1941-1961 | |
| 245 | 0 | |c Introduction by Samuel P. Huntington | |
| 260 | |a New York | ||
| 260 | |b Free Press of Glencoe | ||
| 260 | |c 1962 | ||
| 650 | |a Guerrilla warfare,Communist strategy | ||
| 904 | |i Bằng | ||
| 980 | |a Trung tâm Học liệu Trường Đại học Cần Thơ | ||